00438nam a2200157Ia 4500001000500000005001700005008004100022041000800063082001600071100002200087245011800109260000900227300002800236650000800264654000800272839820260306160606.0260306t2005||||xx |||||||||||||| ||spa|| aESP a370.72bB38 aBell, JuditheAUT 0aCómo hacer tu primer trabajo de investigación:bguía para investigadores en educación y ciencias sociales c2005 a250 páginas :c23 cm. aGEN aCED